|
|
|
|
| LEADER |
00000nam0a2200000 4500 |
| 001 |
147833 |
| 005 |
20231101221323.0 |
| 010 |
|
|
|a 9785160001760
|
| 035 |
|
|
|a (RuTPU)RU\TPU\book\160244
|
| 035 |
|
|
|a BOOK00029640
|
| 035 |
|
|
|a RU\TPU\book\29565
|
| 090 |
|
|
|a 147833
|
| 100 |
|
|
|a 20011209d2008 m y0rusy50 ca
|
| 101 |
0 |
|
|a rus
|
| 102 |
|
|
|a RU
|
| 105 |
|
|
|a y j 001zy
|
| 200 |
1 |
|
|a Общая социология
|e учебное пособие для вузов
|f под ред. А. Г. Эфендиева
|
| 210 |
|
|
|a Москва
|c Инфра-М
|d 2008
|
| 215 |
|
|
|a 654 с.
|
| 225 |
1 |
|
|a Высшее образование
|
| 320 |
|
|
|a Библиогр.: с. 649-653.
|
| 330 |
|
|
|a В учебном пособии дается последовательное описание проблемного поля современной социологической науки — базовой отрасли обшествознания. Большое внимание уделено пониманию исходных элементов социальной реальности, принципам и формам социальных взаимодействий, социальным институтам, общностям и группам, социальной стратификации, социологическому анализу культуры, личности, организации, экономики, политики. Узловые вопросы рассматриваются сквозь призму исторического развития. Фундаментальность анализа сочетается с доступностью изложения. Для студентов, преподавателей и аспирантов социологических, социально-гуманитарных, юридических факультетов, факультетов экономики и менеджмента, а также для всех интересующихся вопросами социологии.
|
| 606 |
1 |
|
|a Социология
|2 stltpush
|3 (RuTPU)RU\TPU\subj\67656
|9 83377
|
| 610 |
1 |
|
|a социальная жизнь
|
| 610 |
1 |
|
|a социальная реальность
|
| 610 |
1 |
|
|a социальные институты
|
| 610 |
1 |
|
|a социальные общества
|
| 610 |
1 |
|
|a социальные группы
|
| 610 |
1 |
|
|a культура
|
| 610 |
1 |
|
|a личность
|
| 610 |
1 |
|
|a общество
|
| 610 |
1 |
|
|a социальные взаимодействия
|
| 610 |
1 |
|
|a социальная стратификация
|
| 610 |
1 |
|
|a экономическая социология
|
| 610 |
1 |
|
|a политика
|
| 610 |
1 |
|
|a учебные пособия
|
| 686 |
|
|
|a С5я73
|v LBC/SL-A
|2 rubbk
|
| 702 |
|
1 |
|a Эфендиев
|b А. Г
|4 340
|
| 801 |
|
1 |
|a RU
|b 63413507
|c 20081121
|g PSBO
|
| 801 |
|
2 |
|a RU
|b 63413507
|c 20210204
|g PSBO
|
| 900 |
|
|
|a Социология
|
| 942 |
|
|
|c BK
|
| 952 |
|
|
|a 520000
|a 521600
|a 521500
|
| 959 |
|
|
|a 111/20081114
|d 2
|e 194,90
|f АНЛ:1
|f ЧЗГЛ:1
|